000 00965cam a2200265 a 4500
008 210817s1992 bu a 000 0 eng d
040 _aEG-GiCUC
_beng
_bEG-GiCUC
092 0 4 _a323
_bN437
_221
099 _a04
_a323 N437
100 1 _aNenova, Yordanka.
245 1 0 _aContinuing challenges of human rights and peace /
_cYordanka Nenova, Anelia Kalova, Julia Anguelova.
260 _aRousse, Bulgaria :
_bPimat M&N,
_c1992.
300 _a272 p. :
_bill. ;
_c24 cm.
500 _aCover title: Continuing challenges to human rights and peace.
521 _a"Designed for secondary school level students"--Introd.
650 0 _aHuman rights
_xStudy and teaching.
700 1 _aAnguelova, Julia.
700 1 _aKalova, Anelia.
710 0 _aBulgaria.
_bMinisterstvo na narodnata prosveta..
902 _a1
905 _aAmro L.
_eRev
905 _aGhada
_eCat.
942 _2ddc
_cBK
999 _c159977
_d159977